[Event "GER-chT U12"]
[Site "Arendsee"]
[Date "2011.12.28"]
[Round "3.2"]
[White "Quandt, Franz Edmund"]
[Black "Ramien, David"]
[Result "0-1"]
[WhiteElo "1095"]
[BlackElo "1450"]
[PlyCount "107"]
[EventDate "2011.12.27"]
[EventType "team-swiss"]
[EventRounds "7"]
[EventCountry "GER"]
[SourceTitle "EXT 2022"]
[Source "ChessBase"]
[SourceDate "2021.10.06"]
[SourceVersion "1"]
[SourceVersionDate "2021.10.06"]
[SourceQuality "1"]
[WhiteTeam "Saalfeld U12"]
[BlackTeam "Porz SG U12"]
[WhiteTeamCountry "GER"]
[BlackTeamCountry "GER"]

1. d4 Nf6 2. Bg5 Ne4 3. Bf4 d6 4. e3 g6 5. Nf3 Bg7 6. c3 0-0 7. h3 Nd7 8. Bd3 Nef6 9. 0-0 Re8 10. Bh2 e5 11. dxe5 dxe5 12. Bc2 Nh5 13. Nbd2 f5 14. Re1 Nhf6 15. Bb3+ Kh8 16. Ng5 Qe7 17. Nf7+ Kg8 18. Nd6+ Kh8 19. Nxe8 Qxe8 20. Nf3 b6 21. Ng5 h6 22. Ne6 Qe7 23. Nxc7 Rb8 24. Nd5 Qd6 25. Nxf6 Qxf6 26. Qc2 Bb7 27. Rad1 Nc5 28. f3 Qg5 29. Re2 Bxf3 30. Rf2 Bxd1 31. Qxd1 Qxe3 32. Bc2 Bf6 33. Qe2 Qxe2 34. Rxe2 Re8 35. b4 Na6 36. Bb3 Kg7 37. Rd2 Re7 38. Rd3 Nc7 39. c4 Ne6 40. b5 Nc5 41. Rd1 Nxb3 42. axb3 Kf7 43. Rd3 Ke6 44. Kf2 g5 45. g3 e4 46. Rd5 Rd7 47. Rxd7 Kxd7 48. Ke3 Be5 49. b4 Kd6 50. Kf2 f4 51. gxf4 gxf4 52. Ke2 f3+ 53. Ke3 Bxh2 54. Kxe4 0-1